000 00503cam a2200205ua 4500
020 _c2.50
041 _aeng
_h
082 _a590
_bEKA/PR
100 _aEkambaranatha , Ayyar.M .
245 _aPre-university zoology /
_cM.Ekambaranatha Ayyar.
_hTextual Documents
250 _a1 /
_b.
260 _a :
_bViswanathan.S ,
_c1962.
300 _a204 ; .
365 _a2.50
504 _a
700 1 _aAnantha krishnan, T.N .
942 _cBK
999 _c1998
_d1998